000 00697nam a2200181Ia 4500
008 151202s9999||||xx |||||||||||||| ||und||
082 _bPNVM-72916
100 _aभैरप्पा एस्. एल्. /अनु. कुलकर्णी उमा.
245 _aतडा.
260 _b"मेहता पब्लिशिंग हाऊस, पुणे."
260 _c72916
300 _a286
600 _aभैरप्पा एस्. एल्. /अनु. कुलकर्णी उमा.
630 _aतडा.
700 _aभैरप्पा एस्. एल्. /अनु. कुलकर्णी उमा.
730 _aतडा.
942 _cBOOK
999 _c1339581
_d1339578